| 000 | 01154nac a22002897a 4500 | ||
|---|---|---|---|
| 001 | BR8100918 | ||
| 003 | BR-BrBNA | ||
| 005 | 20240105114921.0 | ||
| 008 | 230509b bl.|||m| |||| 00| 0 por d | ||
| 040 |
_aBR-BrBNA _bpor _cBiblioteca Nacional de Agricultura |
||
| 072 | _aF00 | ||
| 090 | _a1540 BR8100918 | ||
| 110 | 1 |
_aEmpresa Brasileira de Assistencia Tecnica e Extensao Rural, Brasilia, DF; _93797 |
|
| 110 | 1 |
_aEmpresa Brasileira de Pesquisa Agropecuaria, Brasilia, DF _93834 |
|
| 245 | 1 | _aSistemas de producao para a cultura da mandioca [Manihot esculenta; Curvelo; Minas Gerais; Brasil] | |
| 246 | 1 | _a[Production systems for cassava crop [Manihot esculenta; Curvelo; Minas Gerais; Brazil]] | |
| 260 | 3 |
_aBelo Horizonte, MG (Brasil): _bEmpresa de Assistencia Tecnica e Extensao Rural do Estado de Minas Gerais, _c1980. |
|
| 300 | _a24 p. | ||
| 490 |
_aSistemas de Producao. Boletim (Brazil) _vno. 262 _xISSN 0100-5359 |
||
| 650 | _aProducao vegetal | ||
| 650 | _aMandioca | ||
| 650 | _aSistema de producao | ||
| 650 | _aCurvelo | ||
| 650 | _aMinas Gerais | ||
| 909 |
_a202312 _bLúcia Elande _c55 _dLúcia Elande |
||
| 942 |
_2AGRIS _n0 _cMS |
||
| 999 |
_c272031 _d272031 |
||